01511nam a2200325 a 4500001001200000003000800012006001900020007001500039008004100054020001800095020002700113040002100140035002100161050002600182082001600208245013700224260003400361300002500395490006500420504005100485505024300536533015200779650002000931650002500951655002900976700002001005710001701025856012601042999001701168ebr10691447CaPaEBRm u cr cn|||||||||130506s2013 gw ad sb 001 0 eng d z9783527331871 z9783527645428 (e-book) aCaPaEBRcCaPaEBR a(OCoLC)84105041714aQD716.P45bP46 2013eb04a628.16222300aPhotocatalysis and water purificationh[electronic resource] :bfrom fundamentals to recent applications /cedited by Pierre Pichat. aWeinheim :bWiley-VCH,c2013. axxxi, 406 p. :bill.0 aMaterials for sustainable energy and development,x2194-7813 aIncludes bibliographical references and index.0 apt. I. Fundamentals : active species, mechanisms, reaction pathways -- pt. II. Improving the photocatalytic efficacy -- pt. III. Effects of photocatalysis on natural organic matter and bacteria -- pt. IV. Modeling, reactors, pilot plants. aElectronic reproduction.bPalo Alto, Calif. :cebrary,d2013.nAvailable via World Wide Web.nAccess may be limited to ebrary affiliated libraries. 0aPhotocatalysis. 0aWaterxPurification. 7aElectronic books.2local1 aPichat, Pierre.2 aebrary, Inc.40uhttp://site.ebrary.com/lib/rucke/Doc?id=10691447zAn electronic book accessible through the World Wide Web; click to view c10618d10618